| 000 | 01405cam a2200265 4500 | ||
|---|---|---|---|
| 008 | 000000n2003 000 0 eng u | ||
| 020 | _a0101579322 | ||
| 035 | _a(Sirsi) u122756 | ||
| 041 | _aeng | ||
| 050 |
_a306.026 _c18 |
||
| 110 |
_aUnited Kingdom _bOffice of the Deputy Prime Minister |
||
| 245 |
_aHousing Bill _bconsultation on draft legislation |
||
| 260 |
_aLondon _bODPM _c2003 |
||
| 490 |
_aCm _v5793 |
||
| 520 | _aConsultation of the draft Housing Bill, as published at 31 March 2003. The Bill aims to replace the housing fitness standard with the Housing Health and Safety Rating System (HHSRS) to enable enforcement against unacceptable housing conditions; to introduce a mandatory licensing system for HMOs; to give local authorities the power to licence landlords in areas where efforts to create sustainable communities are being frustrated; to introduce home information packs; and to modernise the right to buy scheme. Includes the full text of the Bill. View at www.housing.odpm.gov.uk. | ||
| 650 | _aHOME INFORMATION PACKS | ||
| 650 | _aHOUSING BILL 2003 | ||
| 650 | _aHOUSING HEALTH AND SAFETY RATING SYSTEM | ||
| 650 | _aRIGHT TO BUY | ||
| 650 | _aLICENSING OF LANDLORDS | ||
| 650 | _aHOUSES IN MULTIPLE OCCUPATION | ||
| 690 | _aHOUSING | ||
| 856 |
_uhttps://www.communities.gov.uk/index.asp?id=1150639 _zView the consultation on the ODPM website... |
||
| 942 | _n0 | ||
| 999 |
_c102921 _d102921 |
||